000
00301nam a22001217a 4500
008
180226b xxu||||| |||| 00| 0 eng d
041
_a
eng
080
_a
L 021.00973
100
_a
0
101
_a
LIB
245
_a
THE LINCOLN LIBRARY OF EESENTIALS INFORMATION
_c
ABRAHAM.L
942
_2
udc
_c
BK
999
_c
43487
_d
43487